<?xml version="1.0" encoding="UTF-8"?>
<record
    xmlns:xsi="http://www.w3.org/2001/XMLSchema-instance"
    xsi:schemaLocation="http://www.loc.gov/MARC21/slim http://www.loc.gov/standards/marcxml/schema/MARC21slim.xsd"
    xmlns="http://www.loc.gov/MARC21/slim">

  <leader>00816cam a22002291  4500</leader>
  <controlfield tag="001">af 50000156 </controlfield>
  <controlfield tag="003">DLC</controlfield>
  <controlfield tag="005">20260227110920.0</controlfield>
  <controlfield tag="008">760331s1940    xx a          001 0 ger c</controlfield>
  <datafield tag="010" ind1=" " ind2=" ">
    <subfield code="a">af 50000156 </subfield>
  </datafield>
  <datafield tag="035" ind1=" " ind2=" ">
    <subfield code="a">(OCoLC)2083062</subfield>
  </datafield>
  <datafield tag="040" ind1=" " ind2=" ">
    <subfield code="a">New York Public Library</subfield>
    <subfield code="c">NPurU</subfield>
    <subfield code="d">DLC</subfield>
  </datafield>
  <datafield tag="050" ind1="0" ind2="0">
    <subfield code="a">ML275</subfield>
    <subfield code="b">.W5</subfield>
  </datafield>
  <datafield tag="082" ind1=" " ind2=" ">
    <subfield code="a">780.943</subfield>
  </datafield>
  <datafield tag="100" ind1="1" ind2=" ">
    <subfield code="a">Werner, Arno,</subfield>
    <subfield code="d">1865-1955.</subfield>
  </datafield>
  <datafield tag="245" ind1="1" ind2="0">
    <subfield code="a">Freie Musikgemeinschaften alter Zeit im mitteldeutschen Raum.</subfield>
    <subfield code="c">Im Auftrage des Oberb&#xFC;rgermeisters hrsg. vom Kulturamt der H&#xE4;ndelstadt Halle.</subfield>
  </datafield>
  <datafield tag="260" ind1=" " ind2=" ">
    <subfield code="a">Wolfenb&#xFC;ttel,</subfield>
    <subfield code="b">G. Kallmeyer,</subfield>
    <subfield code="c">1940.</subfield>
  </datafield>
  <datafield tag="300" ind1=" " ind2=" ">
    <subfield code="a">60 p.</subfield>
    <subfield code="b">illus.</subfield>
    <subfield code="c">25cm.</subfield>
  </datafield>
  <datafield tag="440" ind1=" " ind2="0">
    <subfield code="a">Schriftenreihe des H&#xE4;ndelhauses in Halle,</subfield>
    <subfield code="v">Heft 7</subfield>
  </datafield>
  <datafield tag="500" ind1=" " ind2=" ">
    <subfield code="a">"Literatur- und Fundstellennachweis": p. 55-56.</subfield>
  </datafield>
  <datafield tag="650" ind1=" " ind2="0">
    <subfield code="a">Music</subfield>
    <subfield code="z">Germany</subfield>
    <subfield code="x">History and criticism.</subfield>
  </datafield>
  <datafield tag="999" ind1=" " ind2=" ">
    <subfield code="c">6976</subfield>
    <subfield code="d">6976</subfield>
  </datafield>
</record>
